Top 10 States, Regions, Provinces by GDP - Statistics

General Stats
  • This quiz has been taken 72 times
  • The average score is 6 of 10
Answer Stats
Hint GDP Answer % Correct
1. 2,747 bn California
96%
3. 1,547 bn New York
96%
2. 1,696 bn Texas
96%
7. 967 bn Florida
87%
9. 820 bn Illinois
66%
8. 869 bn Tokyo
64%
4. 1,331 bn Guangdong
60%
5. 1,272 bn Jiangsu
25%
10. 767 bn Zhejiang
21%
6. 1,076 bn Shangdong
4%
No matching quizzes found
Score Distribution
Percent of People with Each Score
Percentile by Number Answered
Your Score History
You have not taken this quiz